Indian economy: (Record no. 180511)

MARC details
000 -LEADER
fixed length control field 00714nam a22002057a 4500
005 - DATE AND TIME OF LATEST TRANSACTION
control field 20210810153852.0
010 ## - LCCN (DPL NO)
LC control number ENG-129739
020 ## - INTERNATIONAL STANDARD BOOK NUMBER
International Standard Book Number 9789390168361
Terms of availability 549.00
035 ## - SYSTEM CONTROL NUMBER
System control number EN-113271
037 ## - SOURCE OF ACQUISITION
Source of stock number/acquisition DBAD/PUB
082 ## - DEWEY DECIMAL CLASSIFICATION NUMBER
Classification number 330.954
100 ## - MAIN ENTRY--PERSONAL NAME
Personal name Srirangam, SriRam
245 ## - TITLE STATEMENT
Title Indian economy:
Remainder of title principles, policies and progress for UPSC and state civil services examination /
Statement of responsibility, etc by SriRam Srirangam, Manish Kumar [and] Rohit Deo Jha
260 ## - PUBLICATION, DISTRIBUTION, ETC. (IMPRINT)
Place of publication, distribution, etc Noida
Name of publisher, distributor, etc Pearson
Date of publication, distribution, etc 2021
270 ## - ADDRESS
Address 15th Floor, Tower-B, World Trade Tower, Plot No.1, Block-C, Sector-16
City Noida
Postal code 201301
300 ## - PHYSICAL DESCRIPTION
Extent vp.
Dimensions 23cm(pbk)
700 ## - ADDED ENTRY--PERSONAL NAME
Personal name Manish Kumar
700 ## - ADDED ENTRY--PERSONAL NAME
Personal name Jha, Rohit Deo
942 ## - ADDED ENTRY ELEMENTS (KOHA)
Source of classification or shelving scheme Dewey Decimal Classification
Item type English Books
Classification part 660
Call number suffix CHA
Holdings
Withdrawn status Lost status Not for loan Collection code Home library Current library Date acquired Source of acquisition Cost, normal purchase price Full call number Barcode Copy number Cost, replacement price Koha item type
      Non-fiction Ashok Vihar Ashok Vihar 10/08/2021 DBAD/PUB 549.00 660 CHA EN-113271 1 549.00 English Books

© Delhi Public Library
Hit Counter
free hit counter